[Event "Motor City op"]
[Site "Warren"]
[Date "2002.11.29"]
[Round "2"]
[White "Steen, Harold"]
[Black "Ferenti, Cornel"]
[Result "0-1"]
[WhiteElo "1647"]
[BlackElo "2169"]
[PlyCount "60"]
[EventDate "2002.11.29"]
[EventType "swiss"]
[EventRounds "7"]
[EventCountry "USA"]
[SourceTitle "EXT 2009"]
[Source "ChessBase"]
[SourceDate "2008.11.26"]
[SourceVersion "1"]
[SourceVersionDate "2008.11.26"]
[SourceQuality "1"]

1. d4 Nf6 2. Nf3 e6 3. e3 c5 4. Bd3 Nc6 5. 0-0 d5 6. b3 cxd4 7. exd4 Be7 8. Bb2 0-0 9. Nbd2 Qc7 10. a3 Nh5 11. Ne5 Nf4 12. Qf3 Nxd3 13. Qxd3 Nxe5 14. dxe5 Bd7 15. a4 Rae8 16. Rac1 f6 17. f4 fxe5 18. fxe5 Rxf1+ 19. Qxf1 Bg5 20. Qe2 Qc5+ 21. Kh1 Rf8 22. Qd3 Qe3 23. Qxe3 Bxe3 24. Rd1 Bxd2 25. h3 Be3 26. c4 Bc6 27. Bd4 Bxd4 28. Rxd4 dxc4 29. bxc4 h5 30. Rd6 Kf7 0-1